[Event "Dzhubga Rapid op"]
[Site "Dzhubga"]
[Date "2023.08.10"]
[Round "2"]
[White "Demidov, Mikhail"]
[Black "Saulina, Varvara"]
[Result "1-0"]
[WhiteElo "2566"]
[BlackElo "2073"]
[PlyCount "101"]
[EventDate "2023.08.10"]
[EventType "swiss (rapid)"]
[EventRounds "11"]
[EventCountry "RUS"]
[SourceTitle "CBM 215 Extra"]
[Source "ChessBase"]
[SourceDate "2023.09.30"]
[SourceVersion "1"]
[SourceVersionDate "2023.09.30"]
[SourceQuality "1"]

1. Nf3 d5 2. g3 Bg4 3. Bg2 Nd7 4. h3 Bxf3 5. Bxf3 Ngf6 6. Bg2 c6 7. d3 e6 8. Nd2 Bc5 9. e3 a5 10. a3 h5 11. b3 h4 12. g4 Qc7 13. Bb2 0-0-0 14. d4 Ba7 15. c4 dxc4 16. bxc4 e5 17. d5 Nc5 18. Qc2 Rhe8 19. g5 Nfd7 20. Bc3 Qb6 21. Rb1 Qa6 22. dxc6 bxc6 23. 0-0 g6 24. Ne4 Re6 25. Rfd1 Nxe4 26. Qxe4 Nc5 27. Rxd8+ Kxd8 28. Qxh4 Ke7 29. Qh8 Nd7 30. Bf1 Bc5 31. Be1 Qa7 32. Qh4 Qc7 33. a4 e4 34. Bg2 Qe5 35. Qg4 Bd6 36. h4 Nc5 37. Bxa5 Nd3 38. Bd2 f5 39. gxf6+ Qxf6 40. Qg5 Qxg5 41. hxg5 Re5 42. a5 Rxg5 43. a6 Bc5 44. a7 Bxa7 45. Rb7+ Kd6 46. Rxa7 Ne5 47. Kf1 Nxc4 48. Bc3 Rg4 49. Ra8 Nb6 50. Re8 Nd5 51. Bb2 1-0

[Event "Dzhubga op"]
[Site "Dzhubga"]
[Date "2023.08.09"]
[Round "9"]
[White "Saulina, Varvara"]
[Black "Saulin, Grigoriy"]
[Result "1-0"]
[WhiteElo "2073"]
[BlackElo "1809"]
[PlyCount "63"]
[EventDate "2023.08.01"]
[EventType "swiss"]
[EventRounds "9"]
[EventCountry "RUS"]
[SourceTitle "EXT 2024"]
[Source "ChessBase"]
[SourceDate "2023.10.10"]
[SourceVersion "1"]
[SourceVersionDate "2023.10.10"]
[SourceQuality "1"]

1. e4 e6 2. d4 d5 3. Nd2 c5 4. e5 cxd4 5. f4 Nc6 6. Ngf3 Nh6 7. Nb3 Nf5 8. Bd3 Ne3 9. Qe2 Bb4+ 10. Bd2 Qb6 11. c3 Ba5 12. Nbxd4 Nc4 13. Nxc6 Qxc6 14. Nd4 Qc5 15. b4 Bxb4 16. Nb3 Qb6 17. cxb4 Bd7 18. Bxc4 dxc4 19. Qxc4 Rc8 20. Qd4 Qb5 21. a4 Qc6 22. 0-0 Qc2 23. Na5 0-0 24. Rfc1 Qg6 25. Rxc8 Bxc8 26. Nc4 Qc2 27. Qc3 Qg6 28. Nd6 Bd7 29. b5 f6 30. exf6 Rxf6 31. Nxb7 Qe4 32. Nc5 1-0

[Event "Novorossiysk Small Land Rapid op"]
[Site "Novorossiysk"]
[Date "2023.07.28"]
[Round "9"]
[White "Polkovnikyan, Artem"]
[Black "Saulina, Varvara"]
[Result "1-0"]
[WhiteElo "1760"]
[BlackElo "2089"]
[PlyCount "127"]
[EventDate "2023.07.26"]
[EventType "swiss (rapid)"]
[EventRounds "11"]
[EventCountry "RUS"]
[SourceTitle "CBM 215 Extra"]
[Source "ChessBase"]
[SourceDate "2023.09.30"]
[SourceVersion "1"]
[SourceVersionDate "2023.09.30"]
[SourceQuality "1"]

1. e4 c5 2. Nc3 Nc6 3. Bb5 Nd4 4. Nf3 g6 5. Bc4 Bg7 6. Nxd4 cxd4 7. Qf3 f5 8. Ne2 Qa5 9. 0-0 e6 10. d3 Ne7 11. Bf4 0-0 12. Qg3 b5 13. Bb3 Bb7 14. Be5 fxe4 15. dxe4 Bxe5 16. Qxe5 Nc6 17. Qd6 Qd2 18. Qxd7 Qxe2 19. Bxe6+ Kh8 20. Qxb7 Ne5 21. Qd5 Qh5 22. Qxd4 Rad8 23. Bd5 Rf4 24. f3 Qg5 25. Rf2 Rdf8 26. Raf1 h5 27. Qc3 Kh7 28. Kh1 h4 29. Qc7+ Kh6 30. Qc3 a5 31. Qe3 Kh7 32. c3 Qh5 33. h3 Qg5 34. b3 Qg3 35. c4 b4 36. c5 g5 37. Qd4 R4f6 38. c6 g4 39. f4 Rxf4 40. Rxf4 Rxf4 41. Rxf4 Qxf4 42. c7 Qc1+ 43. Qg1 Qxc7 44. Qf1 Kg7 45. Qf4 g3 46. Qg5+ Ng6 47. Bc4 Qd6 48. Qd5 Qf4 49. Qd7+ Kh6 50. Qd1 Qxe4 51. Bd3 Qd4 52. Qc1+ Kg7 53. Qc7+ Kh6 54. Qc1+ Nf4 55. Bb1 Kg5 56. Qe1 Qc3 57. Qe7+ Kh5 58. Qe8+ Kg5 59. Qe7+ Kh5 60. Qf7+ Kg5 61. Qf5+ Kh6 62. Qxf4+ Kg7 63. Qg4+ Kf8 64. Qf3+ 1-0

[Event "Moscow Blondes-Brunettes m 12th"]
[Site "Moscow"]
[Date "2023.04.02"]
[Round "3.7"]
[White "Saulina, Varvara"]
[Black "Bezgodova, Svetlana"]
[Result "0-1"]
[WhiteElo "2114"]
[BlackElo "2028"]
[PlyCount "120"]
[EventDate "2023.04.02"]
[EventType "schev (blitz)"]
[EventRounds "9"]
[EventCountry "RUS"]
[SourceTitle "CBM 213 Extra"]
[Source "ChessBase"]
[SourceDate "2023.05.31"]
[SourceVersion "1"]
[SourceVersionDate "2023.05.31"]
[SourceQuality "1"]
[WhiteTeam "Brunettes"]
[BlackTeam "Blondes"]
[WhiteTeamCountry "RUS"]
[BlackTeamCountry "RUS"]

1. e4 c5 2. Nf3 d6 3. d4 cxd4 4. Nxd4 Nf6 5. Nc3 g6 6. Be3 Bg7 7. f3 0-0 8. Qd2 Nc6 9. g4 Bd7 10. 0-0-0 Qa5 11. Kb1 Rfc8 12. h4 h5 13. Nb3 Qd8 14. Bh6 Ne5 15. Bxg7 Kxg7 16. gxh5 Nxh5 17. f4 Nc4 18. Qd4+ e5 19. fxe5 Nxe5 20. Qxd6 Qf6 21. Qd4 Bg4 22. Nd5 Qe6 23. Rc1 b6 24. Ba6 Rd8 25. Qc3 Kh7 26. Nc7 Qe7 27. Nxa8 Rxa8 28. Rhf1 Rd8 29. a3 Ng7 30. Nd4 Ne6 31. Nf5 Qc5 32. Ne3 Qxc3 33. bxc3 Bh5 34. Nc4 Nf3 35. Rf2 Nc5 36. Rcf1 Nxa6 37. Rxf3 Bxf3 38. Rxf3 Kg7 39. Ne3 Nc5 40. Rf4 Re8 41. Nd5 Nxe4 42. Kb2 Nc5 43. a4 Re2 44. Rf3 Ne6 45. a5 Rh2 46. a6 Rxh4 47. Ka3 Nc5 48. Nb4 Rc4 49. Re3 Kf8 50. Rh3 Kg7 51. Re3 Ne6 52. Rd3 Rc7 53. Kb2 Nc5 54. Rd8 Re7 55. Rb8 Rc7 56. Kc1 Na4 57. Kd2 Nxc3 58. Rb7 Nb5 59. c4 Rxc4 60. Nd5 Rd4+ 0-1

[Event "Moscow Blondes-Brunettes m 12th"]
[Site "Moscow"]
[Date "2023.04.02"]
[Round "1.6"]
[White "Saulina, Varvara"]
[Black "Eryshkanova, Anastasiya"]
[Result "1/2-1/2"]
[WhiteElo "2114"]
[BlackElo "2221"]
[PlyCount "73"]
[EventDate "2023.04.02"]
[EventType "schev (blitz)"]
[EventRounds "9"]
[EventCountry "RUS"]
[SourceTitle "CBM 213 Extra"]
[Source "ChessBase"]
[SourceDate "2023.05.31"]
[SourceVersion "1"]
[SourceVersionDate "2023.05.31"]
[SourceQuality "1"]
[WhiteTeam "Brunettes"]
[BlackTeam "Blondes"]
[WhiteTeamCountry "RUS"]
[BlackTeamCountry "RUS"]

1. d4 Nf6 2. Nf3 e6 3. c4 Bb4+ 4. Nbd2 0-0 5. a3 Bxd2+ 6. Qxd2 b6 7. e3 Bb7 8. Be2 d6 9. 0-0 Nbd7 10. b4 Qe7 11. Bb2 c5 12. Rfd1 Rfd8 13. Rac1 d5 14. bxc5 bxc5 15. cxd5 Bxd5 16. Qa5 cxd4 17. Nxd4 Nb6 18. Bf3 Bxf3 19. Nxf3 Rxd1+ 20. Rxd1 Rc8 21. Bd4 Nfd5 22. e4 Nc4 23. Qxa7 Qxa7 24. Bxa7 Nc3 25. Re1 Nxa3 26. h4 Nab5 27. Bb6 f6 28. g3 Rb8 29. Ba5 Ra8 30. Bb6 Ra4 31. e5 Kf7 32. exf6 gxf6 33. Kg2 e5 34. Be3 Nd5 35. Bc5 Rc4 36. Be3 Nd6 37. Bc1 1/2-1/2

[Event "RUS GP Blitz Final (Women)"]
[Site "Moscow"]
[Date "2022.12.16"]
[Round "10"]
[White "Bodnaruk, Anastasia"]
[Black "Saulina, Varvara"]
[Result "1-0"]
[WhiteElo "2364"]
[BlackElo "2114"]
[PlyCount "123"]
[EventDate "2022.12.16"]
[EventType "tourn (blitz)"]
[EventRounds "13"]
[EventCountry "RUS"]
[EventCategory "1"]
[SourceTitle "CBM 211 Extra"]
[Source "ChessBase"]
[SourceDate "2023.01.31"]
[SourceVersion "1"]
[SourceVersionDate "2023.01.31"]
[SourceQuality "1"]

1. e4 c5 2. Nc3 Nc6 3. Bb5 Nd4 4. Bc4 g6 5. Nf3 Bg7 6. Nxd4 cxd4 7. Qf3 f5 8. Ne2 Qa5 9. 0-0 e6 10. d3 Ne7 11. exf5 Nxf5 12. g4 Ne7 13. Ng3 Nc6 14. Qe2 0-0 15. f4 b5 16. Bb3 Kh8 17. Ne4 Qc7 18. Bd2 a5 19. a4 b4 20. Rf3 Ne7 21. Raf1 Bb7 22. Rh3 Nd5 23. Ng5 Nf6 24. Re1 Qc6 25. Ne4 Rac8 26. g5 Nd5 27. Qf2 Ne7 28. Qh4 Kg8 29. Qxh7+ Kf7 30. Qh4 Nf5 31. Qg4 Rh8 32. Rxh8 Rxh8 33. Re2 Rh4 34. Qf3 Qc7 35. Qg2 Bc6 36. h3 Qb8 37. Rf2 Qh8 38. Kh2 Qh5 39. Rf3 Qh8 40. Be1 Rh5 41. Bf2 Rh7 42. Qf1 Rh5 43. Qe2 Nh4 44. Bxh4 Rxh4 45. Qf2 Ke7 46. c3 bxc3 47. bxc3 Rh7 48. cxd4 Qb8 49. Bc4 Qb1 50. Bb5 Bxb5 51. axb5 Qxb5 52. Qc2 Bxd4 53. Qa2 a4 54. Qa3+ Kd8 55. Qf8+ Kc7 56. Qd6+ Kd8 57. Qxd4 a3 58. Rf2 Rh4 59. Qf6+ Kc7 60. Qc3+ Kd8 61. Qxa3 Qb8 62. Qf8+ 1-0

[Event "RUS GP Blitz Final (Women)"]
[Site "Moscow"]
[Date "2022.12.16"]
[Round "1"]
[White "Mashinskaya, Iulia"]
[Black "Saulina, Varvara"]
[Result "0-1"]
[WhiteElo "2215"]
[BlackElo "2114"]
[PlyCount "84"]
[EventDate "2022.12.16"]
[EventType "tourn (blitz)"]
[EventRounds "13"]
[EventCountry "RUS"]
[EventCategory "1"]
[SourceTitle "CBM 211 Extra"]
[Source "ChessBase"]
[SourceDate "2023.01.31"]
[SourceVersion "1"]
[SourceVersionDate "2023.01.31"]
[SourceQuality "1"]

1. d4 Nf6 2. Nc3 d5 3. Bg5 Nbd7 4. Nf3 g6 5. e3 Bg7 6. Be2 0-0 7. 0-0 b6 8. h3 Bb7 9. a4 a6 10. Bf4 c5 11. Ne5 e6 12. Qd2 Rc8 13. Nxd7 Qxd7 14. Be5 Rfd8 15. Rfd1 Qe7 16. Bf3 Bc6 17. Qe2 c4 18. e4 b5 19. axb5 axb5 20. Bxf6 Qxf6 21. Ra7 b4 22. e5 Qg5 23. Na2 Bf8 24. c3 b3 25. Nb4 Bxb4 26. cxb4 Rb8 27. Qe1 Rdc8 28. Rda1 Qf4 29. R1a6 Qxd4 30. Qc1 Qxe5 31. Qh6 Qg7 32. Qf4 Bb5 33. Ra5 Be8 34. Rc5 Qxb2 35. Rxc8 Rxc8 36. b5 c3 37. b6 c2 38. b7 c1Q+ 39. Kh2 Qxf4+ 40. g3 Qxf2+ 41. Bg2 Q4xg3+ 42. Kh1 Qgxg2# 0-1

[Event "RUS GP Blitz Final (Women)"]
[Site "Moscow"]
[Date "2022.12.16"]
[Round "2"]
[White "Potapova, Margarita"]
[Black "Saulina, Varvara"]
[Result "1-0"]
[WhiteElo "2191"]
[BlackElo "2114"]
[PlyCount "85"]
[EventDate "2022.12.16"]
[EventType "tourn (blitz)"]
[EventRounds "13"]
[EventCountry "RUS"]
[EventCategory "1"]
[SourceTitle "CBM 211 Extra"]
[Source "ChessBase"]
[SourceDate "2023.01.31"]
[SourceVersion "1"]
[SourceVersionDate "2023.01.31"]
[SourceQuality "1"]

1. d4 Nf6 2. c4 c5 3. d5 e5 4. Nc3 d6 5. e4 Nbd7 6. Bd3 Be7 7. Nge2 h5 8. f3 h4 9. Be3 Nh5 10. Qd2 g6 11. 0-0-0 Kf8 12. g3 Kg7 13. f4 a6 14. f5 h3 15. g4 Nf4 16. Nxf4 exf4 17. Bxf4 Ne5 18. Be2 b5 19. g5 f6 20. gxf6+ Bxf6 21. Rhg1 b4 22. Na4 Bd7 23. b3 Bxa4 24. bxa4 Qe8 25. Bg5 Qxa4 26. Bxf6+ Kxf6 27. Qg5+ Kf7 28. fxg6+ Ke8 29. g7 Qa3+ 30. Kb1 Rg8 31. Bh5+ Kd7 32. Bg4+ Nxg4 33. Qxg4+ Kc7 34. Rg3 Qa4 35. Rf1 Rae8 36. Qg6 Rd8 37. Rgf3 b3 38. Rxb3 Qxc4 39. Rc1 Qd4 40. Qf7+ Rd7 41. Qxg8 Qxe4+ 42. Ka1 Qd4+ 43. Rb2 1-0

[Event "RUS GP Blitz Final (Women)"]
[Site "Moscow"]
[Date "2022.12.16"]
[Round "13"]
[White "Saulina, Varvara"]
[Black "Yurasova, Daria"]
[Result "0-1"]
[WhiteElo "2114"]
[BlackElo "2032"]
[PlyCount "104"]
[EventDate "2022.12.16"]
[EventType "tourn (blitz)"]
[EventRounds "13"]
[EventCountry "RUS"]
[EventCategory "1"]
[SourceTitle "CBM 211 Extra"]
[Source "ChessBase"]
[SourceDate "2023.01.31"]
[SourceVersion "1"]
[SourceVersionDate "2023.01.31"]
[SourceQuality "1"]

1. e4 e5 2. Nf3 Nc6 3. Bb5 a6 4. Ba4 Nf6 5. 0-0 b5 6. Bb3 Bb7 7. Re1 Be7 8. a4 d6 9. c3 0-0 10. h3 h6 11. d4 Re8 12. Nbd2 Bf8 13. Bc2 Qd7 14. Nf1 exd4 15. cxd4 Nb4 16. Bb1 Nxe4 17. axb5 axb5 18. Rxa8 Bxa8 19. Qb3 c5 20. Ne3 Nf6 21. Nh4 Nbd5 22. dxc5 dxc5 23. Qc2 Nxe3 24. Bxe3 c4 25. Rd1 Qe6 26. Bd4 Be4 27. Qc3 b4 28. Qg3 Bd6 29. f4 Bxb1 30. Rxb1 Qe4 31. Rd1 Bxf4 32. Qf2 Be3 33. Bxe3 Qxe3 34. Nf5 Qxf2+ 35. Kxf2 c3 36. bxc3 Ne4+ 37. Kf3 Nxc3 38. Rc1 Rb8 39. Nd4 Nd5 40. Ke4 Nc3+ 41. Kd3 Rd8 42. Kc4 Rc8+ 43. Kb3 Rd8 44. Nc6 Rb8 45. Re1 Rb7 46. Re8+ Kh7 47. Rf8 Kg6 48. Nd8 Rd7 49. Nc6 Nd5 50. Re8 Kh7 51. Nxb4 Rb7 52. Kc4 Nxb4 0-1

[Event "RUS GP Blitz Final (Women)"]
[Site "Moscow"]
[Date "2022.12.16"]
[Round "6"]
[White "Shuvalova, Polina"]
[Black "Saulina, Varvara"]
[Result "1-0"]
[WhiteElo "2502"]
[BlackElo "2114"]
[PlyCount "31"]
[EventDate "2022.12.16"]
[EventType "tourn (blitz)"]
[EventRounds "13"]
[EventCountry "RUS"]
[EventCategory "1"]
[SourceTitle "CBM 211 Extra"]
[Source "ChessBase"]
[SourceDate "2023.01.31"]
[SourceVersion "1"]
[SourceVersionDate "2023.01.31"]
[SourceQuality "1"]

1. d4 Nf6 2. Nf3 c5 3. d5 b5 4. e4 Nxe4 5. Bd3 Nf6 6. Bxb5 Bb7 7. c4 g6 8. 0-0 Bg7 9. Nc3 0-0 10. Re1 a6 11. Ba4 d6 12. Qe2 Nbd7 13. Qxe7 Qxe7 14. Rxe7 Rfd8 15. Bg5 h6 16. Bxf6 1-0

[Event "Titled Tuesday intern op 25th Jan"]
[Site "Chess.com INT"]
[Date "2022.01.25"]
[Round "4"]
[White "Papp, Levente"]
[Black "Saulina, Varvara"]
[Result "1-0"]
[WhiteElo "2396"]
[BlackElo "2199"]
[PlyCount "77"]
[EventDate "2022.01.25"]
[EventType "swiss (blitz)"]
[EventRounds "11"]
[EventCountry "USA"]
[SourceTitle "CBM 206 Extra"]
[Source "ChessBase"]
[SourceDate "2022.03.31"]
[SourceVersion "1"]
[SourceVersionDate "2022.03.31"]
[SourceQuality "1"]

1. c4 Nf6 2. Nc3 g6 3. e4 d6 4. g3 Bg7 5. Bg2 0-0 6. Nge2 c5 7. 0-0 Nc6 8. d3 a6 9. Rb1 Rb8 10. a3 b5 11. cxb5 axb5 12. b4 c4 13. d4 Nd7 14. Be3 e5 15. d5 Ne7 16. a4 bxa4 17. b5 a3 18. Qa4 f5 19. f3 f4 20. Bf2 g5 21. Qxa3 Nf6 22. b6 g4 23. Nb5 gxf3 24. Bxf3 fxg3 25. Nxg3 Bh3 26. Rfe1 Ng4 27. Bxg4 Bxg4 28. Qxd6 Qe8 29. Be3 Bf3 30. Nc7 Qa4 31. Qxe7 Qc2 32. Bf2 Bg4 33. Qc5 Rf3 34. Ne6 Bxe6 35. dxe6 Bf8 36. e7 Bxe7 37. Qd5+ Kf8 38. Rf1 c3 39. Bc5 1-0

[Event "Titled Tuesday intern op 18th Jan"]
[Site "Chess.com INT"]
[Date "2022.01.18"]
[Round "1"]
[White "Ezat, Mohamed Mahmoud"]
[Black "Saulina, Varvara"]
[Result "1-0"]
[WhiteElo "2411"]
[BlackElo "2199"]
[PlyCount "47"]
[EventDate "2022.01.18"]
[EventType "swiss (blitz)"]
[EventRounds "11"]
[EventCountry "USA"]
[SourceTitle "CBM 206 Extra"]
[Source "ChessBase"]
[SourceDate "2022.03.31"]
[SourceVersion "1"]
[SourceVersionDate "2022.03.31"]
[SourceQuality "1"]

1. d4 Nf6 2. c4 e6 3. Nc3 c5 4. d5 a6 5. e4 b5 6. cxb5 d6 7. Nf3 Be7 8. bxa6 Bxa6 9. Bxa6 Nxa6 10. dxe6 fxe6 11. e5 dxe5 12. Qxd8+ Rxd8 13. Nxe5 0-0 14. 0-0 Nb4 15. a3 Ra8 16. Bg5 Nc2 17. Rad1 Rfb8 18. Nc6 Rb7 19. Nxe7+ Rxe7 20. Ne4 Rc8 21. Nxf6+ gxf6 22. Bxf6 Rb7 23. Rc1 Kf7 24. Be5 1-0

[Event "Titled Tuesday intern op 18th Jan"]
[Site "Chess.com INT"]
[Date "2022.01.18"]
[Round "7"]
[White "Saulina, Varvara"]
[Black "Martin Duque, Jesus"]
[Result "0-1"]
[WhiteElo "2199"]
[BlackElo "2406"]
[PlyCount "90"]
[EventDate "2022.01.18"]
[EventType "swiss (blitz)"]
[EventRounds "11"]
[EventCountry "USA"]
[SourceTitle "CBM 206 Extra"]
[Source "ChessBase"]
[SourceDate "2022.03.31"]
[SourceVersion "1"]
[SourceVersionDate "2022.03.31"]
[SourceQuality "1"]

1. e4 c5 2. Nf3 b6 3. d4 cxd4 4. Nxd4 Bb7 5. Nc3 a6 6. a4 e6 7. g3 Bb4 8. Bg2 Nf6 9. 0-0 0-0 10. e5 Bxg2 11. Kxg2 Bxc3 12. bxc3 Nd5 13. Qg4 f5 14. Qf3 Qc7 15. c4 Qxc4 16. Bb2 Nc6 17. Nxc6 Qxc6 18. Ba3 Rf7 19. Rab1 Rc8 20. c4 Nc3 21. Rb3 Nxa4 22. Bd6 Qxc4 23. Rb4 Qc2 24. Ra1 b5 25. h4 Qc6 26. h5 g5 27. Qxc6 dxc6 28. h6 c5 29. Rbb1 c4 30. Rd1 g4 31. Bb4 Rfc7 32. Rd6 Kf7 33. Rad1 c3 34. Rd7+ Kg6 35. Rxc7 Rxc7 36. Rd6 Kf7 37. Rd8 c2 38. Rf8+ Kg6 39. Rf6+ Kh5 40. Bd2 c1Q 41. Bxc1 Rxc1 42. Rxe6 b4 43. Rxa6 b3 44. Rf6 b2 45. Rxf5+ Kxh6 0-1

[Event "Titled Tuesday intern op 04th Jan"]
[Site "Chess.com INT"]
[Date "2022.01.04"]
[Round "8"]
[White "Saulina, Varvara"]
[Black "Hartikainen, Jarmo"]
[Result "1-0"]
[WhiteElo "2199"]
[BlackElo "2133"]
[PlyCount "77"]
[EventDate "2022.01.04"]
[EventType "swiss (blitz)"]
[EventRounds "11"]
[EventCountry "USA"]
[SourceTitle "EXT 2023"]
[Source "ChessBase"]
[SourceDate "2022.10.05"]
[SourceVersion "1"]
[SourceVersionDate "2022.10.05"]
[SourceQuality "1"]

1. e4 c5 2. Nf3 Nc6 3. d4 cxd4 4. Nxd4 Nf6 5. Nc3 d6 6. Be2 e5 7. Nf3 h6 8. 0-0 Be6 9. Re1 Be7 10. Bf1 0-0 11. Nd5 Bxd5 12. exd5 Nb8 13. c4 Nbd7 14. Be3 a5 15. h3 Qc7 16. Rc1 Rfc8 17. b3 Bf8 18. a3 b6 19. b4 axb4 20. axb4 Qb7 21. g3 b5 22. c5 dxc5 23. bxc5 Nxc5 24. Nxe5 Qxd5 25. Bg2 Qxd1 26. Rexd1 Ra3 27. Nd3 Nfd7 28. Nb4 Re8 29. Bc6 Rexe3 30. fxe3 Ne5 31. Rd8 Rxe3 32. Rxc5 Rxg3+ 33. Kh2 Nxc6 34. Nxc6 Re3 35. Re5 Rxe5 36. Nxe5 b4 37. Nd7 b3 38. Rxf8+ Kh7 39. Rb8 1-0

[Event "St Petersburg Amir Cup Blitz"]
[Site "St Petersburg"]
[Date "2021.05.23"]
[Round "5"]
[White "Saulina, Varvara"]
[Black "Bodnaruk, Anastasia"]
[Result "0-1"]
[WhiteElo "2240"]
[BlackElo "2457"]
[PlyCount "76"]
[EventDate "2021.05.23"]
[EventType "swiss (blitz)"]
[EventRounds "11"]
[EventCountry "RUS"]
[SourceTitle "CBM 202 Extra"]
[Source "ChessBase"]
[SourceDate "2021.07.31"]
[SourceVersion "1"]
[SourceVersionDate "2021.07.31"]
[SourceQuality "1"]

1. e4 c5 2. Nf3 d6 3. d4 cxd4 4. Nxd4 Nf6 5. Nc3 a6 6. Be3 e5 7. Nb3 Be7 8. Qd2 Be6 9. 0-0-0 0-0 10. f4 Ng4 11. Kb1 Nxe3 12. Qxe3 exf4 13. Qxf4 Nd7 14. h4 Rc8 15. Nd5 Ne5 16. Nd4 Rc5 17. Nf5 Bxf5 18. exf5 Re8 19. c3 h6 20. Rh3 Kh8 21. g4 Bxh4 22. f6 Ng6 23. fxg7+ Kxg7 24. Qd4+ Re5 25. Bg2 Bg5 26. Rhh1 f6 27. Rhf1 Qe8 28. Nb4 Rb5 29. Qxd6 a5 30. Nd3 Re2 31. Bf3 Re6 32. Qd4 Ne5 33. Nxe5 Rexe5 34. Bd5 Rbxd5 35. Qb6 Rxd1+ 36. Rxd1 Re1 37. Qxb7+ Kg6 38. Qd5 Qe4+ 0-1

[Event "St Petersburg Amir Cup Rapid"]
[Site "St Petersburg"]
[Date "2021.05.22"]
[Round "3"]
[White "Andreev, Konstantin"]
[Black "Saulina, Varvara"]
[Result "1-0"]
[WhiteElo "2238"]
[BlackElo "2240"]
[PlyCount "101"]
[EventDate "2021.05.22"]
[EventType "swiss (rapid)"]
[EventRounds "9"]
[EventCountry "RUS"]
[SourceTitle "CBM 202 Extra"]
[Source "ChessBase"]
[SourceDate "2021.07.31"]
[SourceVersion "1"]
[SourceVersionDate "2021.07.31"]
[SourceQuality "1"]

1. e4 c5 2. a3 g6 3. Nf3 Bg7 4. c3 Nf6 5. e5 Nd5 6. d4 cxd4 7. cxd4 0-0 8. Bc4 Nb6 9. Ba2 d6 10. 0-0 Nc6 11. Re1 Bg4 12. e6 fxe6 13. Bxe6+ Bxe6 14. Rxe6 Rxf3 15. gxf3 Nxd4 16. Re4 e5 17. Be3 d5 18. Rg4 Nf5 19. Nc3 d4 20. Bg5 Qf8 21. Ne4 Rc8 22. Rc1 h6 23. Rxc8 Qxc8 24. Bf6 g5 25. Qb3+ Qc4 26. Qxc4+ Nxc4 27. Bxg7 Kxg7 28. Nc5 b6 29. Nd3 Kf6 30. Kf1 h5 31. Rg1 h4 32. Ke2 Ncd6 33. Rc1 e4 34. fxe4 Nxe4 35. Rc6+ Ned6 36. Kf3 Ke6 37. b4 Kd5 38. Rc7 Nb5 39. Rh7 Kc4 40. Ne5+ Kb3 41. Kg4 Kxa3 42. Kxf5 Kxb4 43. Kxg5 a5 44. f4 a4 45. Rh8 Nc3 46. Ra8 a3 47. f5 Na4 48. Nc6+ Kb3 49. Nxd4+ Kb4 50. Nc2+ Kb3 51. Nxa3 1-0